000 00680nam a2200205Ia 4500
001 17933
003 GE_BSU
008 181216s||||||||xx |||||||||||||| ||und||
040 _cGE_BSU
080 _a821.353.1-32
100 _aლომთათიძე, ჭ.
245 _aთხზულებათა სრული კრებული : მოთხრობები
245 _c[ს. ჭილაიას შესავალი წერილით]
260 _aთბილისი
260 _bსაბჭოთა მწერალი
260 _c1956
300 _a608გვ. ; 23სმ
653 _aმოთხრობები
942 _cBK
999 _c50976
_d50976